<?xml version="1.0" encoding="UTF-8"?><?xml-stylesheet type="text/xsl" href="static/style.xsl"?><OAI-PMH xmlns="http://www.openarchives.org/OAI/2.0/" xmlns:xsi="http://www.w3.org/2001/XMLSchema-instance" xsi:schemaLocation="http://www.openarchives.org/OAI/2.0/ http://www.openarchives.org/OAI/2.0/OAI-PMH.xsd"><responseDate>2026-04-13T06:50:00Z</responseDate><request verb="GetRecord" identifier="oai:www.recercat.cat:10459.1/64222" metadataPrefix="marc">https://recercat.cat/oai/request</request><GetRecord><record><header><identifier>oai:recercat.cat:10459.1/64222</identifier><datestamp>2024-12-05T21:54:44Z</datestamp><setSpec>com_2072_3622</setSpec><setSpec>col_2072_479130</setSpec></header><metadata><record xmlns="http://www.loc.gov/MARC21/slim" xmlns:dcterms="http://purl.org/dc/terms/" xmlns:xsi="http://www.w3.org/2001/XMLSchema-instance" xmlns:doc="http://www.lyncode.com/xoai" xsi:schemaLocation="http://www.loc.gov/MARC21/slim http://www.loc.gov/standards/marcxml/schema/MARC21slim.xsd">
   <leader>00925njm 22002777a 4500</leader>
   <datafield ind2=" " ind1=" " tag="042">
      <subfield code="a">dc</subfield>
   </datafield>
   <datafield ind2=" " ind1=" " tag="720">
      <subfield code="a">Vilaplana Mayoral, Jordi</subfield>
      <subfield code="e">author</subfield>
   </datafield>
   <datafield ind2=" " ind1=" " tag="260">
      <subfield code="c">2015-10-05T08:12:23Z</subfield>
   </datafield>
   <datafield ind2=" " ind1=" " tag="260">
      <subfield code="c">2015-10-05T08:12:23Z</subfield>
   </datafield>
   <datafield ind2=" " ind1=" " tag="260">
      <subfield code="c">2015-09-10</subfield>
   </datafield>
   <datafield ind2=" " ind1=" " tag="520">
      <subfield code="a">This thesis explores techniques, models and algorithms for an efficient management of Cloud&#xd;
systems and how to apply them to the healthcare sector in order to improve current treatments. It&#xd;
presents two Cloud-based eHealth applications to telemonitor and control smoke-quitting and&#xd;
hypertensive patients. Different Cloud-based models were obtained and used to develop a Cloudbased&#xd;
infrastructure where these applications are deployed. The results show that these&#xd;
applications improve current treatments and that can be scaled as computing requirements grow.&#xd;
Multiple Cloud architectures and models were analyzed and then implemented using different&#xd;
techniques and scenarios. The Smoking Patient Control (S-PC) tool was deployed and tested in a&#xd;
real environment, showing a 28.4% increase in long-term abstinence. The Hypertension Patient&#xd;
Control (H-PC) tool, was successfully designed and implemented, and the computing boundaries&#xd;
were measured</subfield>
   </datafield>
   <datafield ind2=" " ind1=" " tag="520">
      <subfield code="a">Aquesta tesi explora tèniques, models i algorismes per una gestió eficient en sistemes al Núvol i&#xd;
com aplicar-ho en el sector de la salut per tal de millorar els tractaments actuals. Presenta dues&#xd;
aplicacions de salut electrònica basades en el Núvol per telemonitoritzar i controlar pacients&#xd;
fumadors i hipertensos. S'ha obtingut diferents models basats en el Núvol i s'han utilitzat per a&#xd;
desenvolupar una infraestructura on desplegar aquestes aplicacions. Els resultats mostren que&#xd;
aquestes aplicacions milloren els tractaments actuals així com escalen a mesura que els&#xd;
requeriments computacionals augmenten.&#xd;
Múltiples arquitectures i models han estat analitzats i implementats utilitzant diferents tècniques i&#xd;
escenaris. L'aplicació Smoking Patient Control (S-PC) ha estat desplegada i provada en un entorn&#xd;
real, aconseguint un augment del 28,4% en l'absistinència a llarg termini de pacients fumadors.&#xd;
L'aplicació Hypertension Patient Control (H-PC) ha estat dissenyada i implementada amb èxit, i&#xd;
els seus límits computacionals han estat mesurats.</subfield>
   </datafield>
   <datafield ind2=" " ind1=" " tag="520">
      <subfield code="a">Esta tesis explora ténicas, modelos y algoritmos para una gestión eficiente de sistemas en la Nube&#xd;
y como aplicarlo en el sector de la salud con el fin de mejorar los tratamientos actuales. Presenta&#xd;
dos aplicaciones de salud electrónica basadas en la Nube para telemonitorizar y controlar&#xd;
pacientes fumadores e hipertensos. Se han obtenido diferentes modelos basados en la Nube y se&#xd;
han utilizado para desarrollar una infraestructura donde desplegar estas aplicaciones. Los&#xd;
resultados muestran que estas aplicaciones mejoran los tratamientos actuales así como escalan a&#xd;
medida que los requerimientos computacionales aumentan.&#xd;
Múltiples arquitecturas y modelos han sido analizados e implementados utilizando diferentes&#xd;
técnicas y escenarios. La aplicación Smoking Patient Control (S-PC) se ha desplegado y provado&#xd;
en un entorno real, consiguiendo un aumento del 28,4% en la abstinencia a largo plazo de&#xd;
pacientes fumadores. La aplicación Hypertension Patient Control (H-PC) ha sido diseñada e&#xd;
implementada con éxito, y sus límites computacionales han sido medidos.</subfield>
   </datafield>
   <datafield ind1="8" ind2=" " tag="024">
      <subfield code="a">http://hdl.handle.net/10459.1/64222</subfield>
   </datafield>
   <datafield tag="653" ind2=" " ind1=" ">
      <subfield code="a">Núvol</subfield>
   </datafield>
   <datafield tag="653" ind2=" " ind1=" ">
      <subfield code="a">eSalut</subfield>
   </datafield>
   <datafield tag="653" ind2=" " ind1=" ">
      <subfield code="a">Telemedicina</subfield>
   </datafield>
   <datafield tag="653" ind2=" " ind1=" ">
      <subfield code="a">Nube</subfield>
   </datafield>
   <datafield tag="653" ind2=" " ind1=" ">
      <subfield code="a">eSalud</subfield>
   </datafield>
   <datafield tag="653" ind2=" " ind1=" ">
      <subfield code="a">Cloud</subfield>
   </datafield>
   <datafield tag="653" ind2=" " ind1=" ">
      <subfield code="a">eHealth</subfield>
   </datafield>
   <datafield tag="653" ind2=" " ind1=" ">
      <subfield code="a">Telemedicine</subfield>
   </datafield>
   <datafield tag="653" ind2=" " ind1=" ">
      <subfield code="a">Arquitectura i tecnologia de computadors</subfield>
   </datafield>
   <datafield tag="653" ind2=" " ind1=" ">
      <subfield code="a">004</subfield>
   </datafield>
   <datafield tag="653" ind2=" " ind1=" ">
      <subfield code="a">61</subfield>
   </datafield>
   <datafield ind2="0" ind1="0" tag="245">
      <subfield code="a">Management of Cloud systems applied to eHealth</subfield>
   </datafield>
</record></metadata></record></GetRecord></OAI-PMH>